| 000 | 00587nam a2200205Ia 4500 | ||
|---|---|---|---|
| 003 | IN-BaIIA | ||
| 008 | 211028s9999 xx 000 0 eng d | ||
| 020 | _a0-534-39537-6 | ||
| 040 | _cIIA Library | ||
| 080 |
_a523 _bSEE |
||
| 100 |
_aSeeds, Michael A. _912378 |
||
| 245 | 0 |
_aAstronomy _bthe solar system and beyond _cMichael A. Seeds |
|
| 250 | _a3rd ed. | ||
| 260 |
_aAustralia _bThomson Brooks-Cole _c2003 |
||
| 300 | _axviii, 510p. | ||
| 650 |
_aAstronomy _980 |
||
| 650 |
_aAstrophysics _9794 |
||
| 650 | _aSolar system | ||
| 942 | _cBK | ||
| 999 |
_c16790 _d16790 |
||